Първобългарите (Запис номер 79229)
[ съкратено ]
| 000 -Лидер | |
|---|---|
| Контролно поле с фиксирана дължина | 01988nam a2200457 c 4500 |
| 003 - Код на организацията, давaща контролен номер | |
| Контролно поле | BLK |
| 005 - Дата и час на последна редакция | |
| Контролно поле | 20250119004106.0 |
| 008 - Елементи от данни с фиксирана дължина | |
| fixed length control field | 180408b bul|||||r ||||||| ||bul|| |
| 010 ## - Наследен системен номер | |
| LC control number | KNG00083702000 |
| 020 ## - Международен стандартен номер на книга ISBN | |
| Международен стандартен номер на книга ISBN | 978-954-91983-2-4 |
| -- | издат.: Фонд. Бълг. ист. наследство |
| 040 ## - Източник на каталожния запис | |
| Идентификатор на билиотеката - собственик на записа | BLK |
| 041 ## - Код за език | |
| Код за езика на текст/звукозапис или на отделно заглавие | Български |
| Код за езика КДБФ | Български |
| 080 ## - УДК | |
| Текстов определител УДК | Първобитнообщинен строй - палеолит, мезолит, неолит, бронзова епоха, ранна желязна епоха. Вж и 902(497.2) |
| УДК код - определител по УДК | 94(497.2)"-12" |
| УДК определител | |
| УДК - код + определител | 94(497.2)"-12" |
| 080 ## - УДК | |
| Текстов определител УДК | Гръцка колонизация по бреговете на Тракия от VІІ до ІV в. пр. н. е. |
| УДК код - определител по УДК | 94(497.2)"-06/-05" |
| УДК определител | |
| УДК - код + определител | 94(497.2)"-06/-05" |
| 100 1# - Редна дума - Автор | |
| Автор | Бешевлиев, Веселин Иванов |
| Авторска отговорност | първи автор |
| R(LIN) | 368772 |
| 139 ## - Редно поле | |
| Редна дума | Бешевлиев, Веселин Иванов |
| Авторски знак | Беш - Б 43 |
| 245 10 - Сведения за заглавието | |
| Заглавие | Първобългарите |
| Подзаглавни данни | История, бит и култура |
| Редно поле (дума) | Веселин Иванов Бешевлиев. |
| 250 ## - Област на изданието | |
| Сведения за изданието | 2. изд. |
| 257 ## - Страна на издаване | |
| Страна на създаване/издаване | България |
| 260 ## - Област на издателските данни | |
| -- | Пловдив |
| Име на издателя, разпространителя и проч. | Фонд. Бълг. ист. наследство |
| Година на издаване | 2008 |
| 300 ## - Физическа характеристика | |
| Страници | 505 с. |
| Илюстрации и др. | с ил., табл., к. |
| Размери/Мащаб | 24 см |
| 380 ## - Жанр | |
| Жанр | История |
| 490 1# - СЕРИИ (Колекции) | |
| Име на серия | Средновековна библиотека |
| №: серия | 2 |
| 500 ## - Общи забележки | |
| Забележка | 1. изд. 1984 на изд. ОФ. - Офс. изд. - Показалец. - Библиогр. с. 483-487. |
| 504 ## - Забележка за наличие на библиография и др | |
| Забележка за наличие на библиография и под. | 483-487 |
| 590 ## - Забележки на библиотеката, притежаваща документа (RLIN) | |
| Служебно | ф |
| 650 #4 - Допълнително описание по предмет – тема | |
| Основно описание – тема или топоним | Прабългари |
| 9 (RLIN) | 167314 |
| 650 #0 - Допълнително описание по предмет – тема | |
| Основно описание – тема или топоним | България - история |
| 9 (RLIN) | 244493 |
| 651 #4 - Допълнително описание по предмет - топоним | |
| Географско понятие | България |
| 9 (RLIN) | 241624 |
| 653 ## - Ключова дума – ненормативна | |
| Ключова дума | първобългари |
| 653 ## - Ключова дума – ненормативна | |
| Ключова дума | прабългари |
| 653 ## - Ключова дума – ненормативна | |
| Ключова дума | история |
| 653 ## - Ключова дума – ненормативна | |
| Ключова дума | бит |
| 653 ## - Ключова дума – ненормативна | |
| Ключова дума | култура |
| 852 ## - Местоположение | |
| Форматна сигнатура | Цб 239892 |
| 856 4# - Електронен адрес и достъп | |
| Електронен формат | pdf - файл |
| Път до файла /url/ | |
| 856 4# - Електронен адрес и достъп | |
| Електронен формат | pdf - файл |
| Път до файла /url/ | |
| 942 ## - АРТИКУЛИ | |
| Вид на библиотечния материал | Книги |
| Скрит в OPAC | Не |
| Koha issues (borrowed), all copies | 2 |
| 944 ## - СЪЗДАВАНЕ И РЕДАКЦИЯ на ЗАПИСА | |
| Създаване/Редакция | Създаване |
| Дата на регистрацията/редакция | 12.05.2008 |
| Служител, извършил регистрацията/редакцията | |
| Статус, дата на статуса | CRON CRON |
| 944 ## - СЪЗДАВАНЕ И РЕДАКЦИЯ на ЗАПИСА | |
| Създаване/Редакция | Редакция |
| Дата на регистрацията/редакция | 24.10.2008 |
| Служител, извършил регистрацията/редакцията | |
| 999 ## - СИСТЕМНИ КОНТРОЛНИ НОМЕРА | |
| Koha biblionumber | 79229 |
| Koha biblioitemnumber | 79229 |
| Код за отписване | Код за изгубен артикул | Код за повреда | Коз за рестрикции | Код за отдаване | Артикулен № | Име на библиотеката - собственик | Име на библиотеката, в която се намира в момента | Статус (Текущо местоположение) | Дата на вписване в системата | Местоположение - отдел | Цена в лева | Инвентарен номер | Систематично азбучна сигнатура | Баркод | Номер на екземпляра | Цена в евро | Служебна бележка | Служебен тип на артикула | Източник на класификационната схема |
|---|---|---|---|---|---|---|---|---|---|---|---|---|---|---|---|---|---|---|---|
| Изтеглен | Не е изгубен | Не е повреден | без рестрикции | заемане за дома | 128242 | Регионална библиотека "Любен Каравелов" Русе | Регионална библиотека "Любен Каравелов" Русе | Заемна - подръчен фонд | 2008-05-12 | Заемна - подръчен фонд | 25.00 | 120000726228 | П 949.72.01/Б 43 | 120000726228 | 1 | 12.78 | Дост: Pk Вид: Ф N: 185 Дата: 10.05.2008 | Книги | |
| Не е изгубен | Не е повреден | без рестрикции | ползва се в читалня | 128243 | Регионална библиотека "Любен Каравелов" Русе | Регионална библиотека "Любен Каравелов" Русе | Читалня | 2008-10-04 | Читалня | 25.00 | 120000730282 | Ч 94(497.2)/Б 43 В | 120000730282 | 2 | 12.78 | Дост: Pk Вид: Ф N: 8545 Дата: 03.10.2008 Дата инв: 28.03.2017 Бележки инв: Ч2017 | Книги | Universal Decimal Classification |